| 000 | 00832aam a2200289 i 4500 | ||
|---|---|---|---|
| 001 | 76714001 | ||
| 003 | CO-MdFUSB | ||
| 005 | 20250904193105.0 | ||
| 007 | ta | ||
| 008 | 250904t2003 ck ||||| |||| 00| 0 spa d | ||
| 020 | _a958-8201-22-5 | ||
| 040 |
_aCO-MdFUSB _bspa _cCO-MdFUSB _dCO-MdFUSB _erda |
||
| 041 | 0 | _aspa | |
| 082 | 0 | 4 |
_223 _a250.2 _bD3722f |
| 100 | 1 |
_aDeMarco, Miguel Ángel _eautor |
|
| 245 | 1 | 0 |
_aEl fin de los dinosaurios _c/ Miguel Angel DeMarco |
| 264 | 0 | 1 |
_bMisión Latinoamericana, _aMiami, FL., USA : _c[2003] |
| 264 | 0 | 4 | _c©2003 |
| 300 | _a142 páginas | ||
| 336 |
_atexto _btxt _2rdacontent |
||
| 337 |
_2rdamedia _asin mediación _bn |
||
| 338 |
_2rdacarrier _avolumen _bnc |
||
| 563 | _aRústico | ||
| 653 | _aIglesia local - gobierno y administración | ||
| 942 | _cBK | ||
| 945 | _aElías Tolenitno | ||
| 999 |
_c36369 _d36369 |
||